| 000 | 00597cam a2200157ua 4500 | ||
|---|---|---|---|
| 041 |
_aeng _h |
||
| 082 |
_a028.72553 _bWAT/GR |
||
| 110 | 1 |
_aWater resources technical publications . _b _c() |
|
| 245 | _aGround water manuel | ||
| 250 |
_a1 / _b. |
||
| 260 |
_aJodhpur : _bScientific Publishers , _c1985. |
||
| 300 | _a480 ; . | ||
| 504 | _a | ||
| 942 | _cBK | ||
| 999 |
_c5886 _d5886 |
||